000 00805nam a2200229Ii 4500
003 JO-AjNU
008 230605s9999||||xx |||||||||||||| ||und||
017 _a1248/414
020 _a9960-9818-5-1
040 _aJO-AjNU
_bara
_erda
_cJO-AjNU
041 _aara
050 1 4 _aPJ6121.N3558 2007
100 3 _aاعداد وتاليف النمارنه، ابراهيم مططفى العبدالله,
_eauthor
_959585
245 0 0 _aأصوات اللغة العربية: (الفوناتيك والفونولوجيا)
250 _aط1
264 3 1 _aالسعودية: دار الاندلس للنشر،2007
300 _a313ص
336 _atext
_btxt
_2rdacontent
337 _aunmediated
_bn
_2rdamedia
338 _avolume
_bnc
_2rdacarrier
650 4 _aاللغة العربية- الاصوات
_959586
999 _aA26821
_c30389
_d30389